| 000 | 00752cam a2200181 4500 | ||
|---|---|---|---|
| 001 | WS117998 | ||
| 008 | 020516n 000 0 eng u | ||
| 035 | _a(Sirsi) u117998 | ||
| 110 |
_aStandards Australia International Limited _94240 |
||
| 245 | _aStandards Australia | ||
| 520 | _aWeb site for Standards Australia International Limited the standards body for Australia. Includes an online catalogue from which you can order hard copy or pdf standards and links to an archive of their journal 'The Australian Standard'. | ||
| 650 | _aAUSTRALIA | ||
| 650 | _aINTERNATIONAL | ||
| 650 | _aSTANDARDS | ||
| 690 | _aBUILT ENVIRONMENT | ||
| 856 | 4 | 0 |
_uhttps://www.standards.com.au _zview the website free of charge at www.standards.com.au... |
| 942 | _n0 | ||
| 999 |
_c120036 _d120036 |
||